雷獣チャンネル新旧メンバー - Statistics

General Stats
  • This quiz has been taken 13 times
  • The average score is 6 of 9
Answer Stats
名前 生年月日 学歴 % Correct
ベテランち 1998年3月15日 東京大学 医学部 在籍
100%
かべ 1998年1月19日 一橋大学 経済学部 卒業
90%
永遠 1998年7月22日 千葉大学 医学部 卒業
80%
アイデア官僚 1997年6月30日 一橋大学 経済学部 卒業
70%
今井 1997年4月19日 東京大学 放校
60%
しがない数学徒 1999年7月24日 岡山大学 理学部 卒業
60%
川上拓朗 1995年12月31日 東京大学 文学部 卒業
50%
喋ってなんぼ駒井 1998年5月30日 東京大学 教養学部 卒業
50%
ナツ・ミート 1999年7月17日 東京都立大学 都市環境学部 在籍
50%
No matching quizzes found
Score Distribution
Percent of People with Each Score
Percentile by Number Answered
Your Score History
You have not taken this quiz